Normal view
MARC view
- Kalmegh Radhika - 2k101083 & Prof . Ranjana Gogate - Guide
Entry Personal Name
001 - CONTROL NUMBER
- control field: 102303
003 - CONTROL NUMBER IDENTIFIER
- control field: OSt
005 - DATE AND TIME OF LATEST TRANSACTION
- control field: 20221007215929.0
008 - FIXED-LENGTH DATA ELEMENTS
- fixed length control field: 221007|| aca||aabn | a|a d
040 ## - CATALOGING SOURCE
- Original cataloging agency: OSt
- Transcribing agency: OSt
100 ## - HEADING--PERSONAL NAME
- Personal name: Kalmegh Radhika - 2k101083 & Prof . Ranjana Gogate - Guide
670 ## - SOURCE DATA FOUND
- Source citation: Work cat.: (OSt)69465: Kalmegh Radhika - 2k101083 & Prof . Ranjana Gogate - Guide, To Study Financial Performance Using Ratio Analysis, Comparative Statement Analysis & Benchmark Comparison, 2012